Successor States (Diadochi) of Alexander the Great's Empire with a Map - Statistics

General Stats
  • This quiz has been taken 2,670 times
  • The average score is 11 of 24
Answers on the Map
Answers color-coded by a green-red scale on the quiz's map according to % correct below.
 
Answer Stats
Answer % Correct
Egypt
(Αίγυπτος)
88%
Macedonia
(Μακεδονία)
81%
Thrace
(Θράκη)
77%
Syria
(Συρία)
75%
Babylonia
(Βαβυλωνία)
63%
Mesopotamia
(Μεσοποταμία)
62%
Cilicia
(Κιλικία)
53%
Cappadocia and Paphlagonia
(Καππαδοκία / Παφλαγονία)
52%
Bactria and Sogdia
(Βακτριανή / Σογδιανή)
51%
Hellespontine Phrygia
(Ἑλλησποντιακὴ Φρυγία)
47%
Persis
(Περσίς)
47%
Indus
(Ινδός)
45%
Parthia
(Παρθυηνή)
45%
Lydia
(Λυδία)
43%
Phrygia, Lycia and Pamphylia
(Φρυγία / Λυκία / Παμφυλία)
39%
Greater Media
(Μεγάλη Μηδία)
38%
Punjab
(Πενταποταμία)
36%
Lesser Media
(Μικρᾶ Μηδία)
31%
Caria
(Καρία)
26%
Susiana
(Σοῦσα)
21%
Arachosia and Gedrosia
(Ἀραχωσία / Γεδρωσία)
16%
Aria and Drangiana
(Αρία / Δραγγιανή)
16%
Carmania
(Καρμανία)
13%
Paropamisadae
(Παροπαμισάδαι)
13%
No matching quizzes found
Score Distribution
Percent of People with Each Score
Percentile by Number Answered
Your Score History
You have not taken this quiz